Stemmi Serie A 25/26 - Statistics

Statistiche generali
  • Questo quiz è stato fatto 118 volte
  • Il punteggio medio è 19 su 20
Statistiche sulle risposte
con Immagini Risposta % Corretto
Napoli
100%
Roma
100%
Atalanta
99%
Bologna
99%
Fiorentina
99%
Lazio
99%
Cagliari
98%
Inter
98%
Milan
98%
Sassuolo
98%
Juventus
97%
Genoa
96%
Hellas Verona
96%
Pisa
95%
Torino
95%
Cremonese
90%
Udinese
88%
Lecce
84%
Como
82%
Parma
77%
Nessun quiz corrispondente trovato
Distribuzione punteggi
Percentuale di utenti per punteggio
Percentile per numero di risposta
I tuoi punteggi nel tempo
Non hai fatto questo quiz